| 000 | 00544nam a22001937a 4500 | ||
|---|---|---|---|
| 003 | OSt | ||
| 005 | 20140310183008.0 | ||
| 008 | 130211t xxu||||| |||| 00| 0 eng d | ||
| 020 | _a9789710445356 | ||
| 050 |
_aTX 911.3 _b.V718 2010 |
||
| 100 | _aVillanueva, Benita V. | ||
| 245 |
_aRestaurant and cafeteria management service / _cBenita V. Villanueva. |
||
| 260 |
_aManila : _bMindshapers, _c2010. |
||
| 300 |
_a 228 p. : _b ill. ; _c22 cm. |
||
| 521 | _aTOU | ||
| 650 | _aRestaurant managers | ||
| 942 |
_2lcc _cBK _kLOC |
||
| 999 |
_c18196 _d18196 |
||